000 07997nam a22005897a 4500
005 2010091802302.0
010 _aHIN-91959 B-443350-376
020 _c365.00
_a9788190953221
035 _aHN-64305
035 _aB-443350-376
037 _bDBAD / PUB
037 _bके.के.पब्लिकेशंस
082 _a378.19810954
100 _aगुलशन नवीन
_937224
245 _aरैंगिंगः एक आतंक /
_cगुलशन नवीन; अमिताभ श्रीवास्तव द्वारा अनुदित
260 _aनई दिल्ली
_bस्टैंडर्ड पब्लिशर्स
_c2010
270 _a225, गुप्ता पैलेस, ए-2/42, राजौरी गार्डन मेन रोड(निकट मेट्रो स्टेशन)
_bनई दिल्ली
_e110027
_k91-011- 25415043
_msr_albooks@vsnl.net
300 _a218पृ.
_c22सेमी (सजिल्द)
_bसचित्र
700 _920179
_aश्रीवास्तव, अमिताभ
700 _920333
700 _920540
942 _2ddc
_cHN
_mगुलश
_h378.19810954
999 _c50895
_d50895